000 00441nam a2200181Ia 4500
003 GCL
008 140319s9999 xx 000 0 eng d
040 _aGCL /
_cGCL
082 0 4 _aCC
_b050.941
_bI R
100 1 _aIFAO
245 1 0 _aREPERTOIRE CHRONOGIQUE D'EPIGRAPHIE ARABE: TOME 5,1956 /
_cIFAO
260 _a[S.N] :
_bI.F.A.O
300 _a264 PP
650 0 4 _aHISTORY
650 0 4 _aPERIODICALS
650 0 4 _aARABS
942 _2ddc
_cBK
999 _c17812
_d17812